000 00835cam a2200277 a 4500
001 15287
003 BD-RjUL
005 20211208235803.0
008 140209s1976 nyua b 001 0 eng
020 _a0471245925
035 _a(BD-RjUL)15341
040 _aLC
_beng
_cLC
_dVDU
_dBD-RjUL
041 _aeng
082 0 0 _a658.408
_bESC 1976
100 1 _aEstes, Ralph.
_947527
245 1 0 _aCorporate social accounting /
_cRalph Estes ; John W. Buckley, consulting editor.
260 _aNew York :
_bWiley,
_cc1976.
300 _aix, 166 p. :
_bill. ;
_c24 cm.
500 _a"A Wiley-Interscience publication."
504 _aIncludes bibliographical references and index.
650 0 _aIndustries
_xSocial aspects.
_947528
650 0 _aSocial accounting.
_947529
942 _2ddc
_cBK
999 _c15287
_d15287